| 000 | 01222nam a2200337Ia 4500 | ||
|---|---|---|---|
| 001 | 57404 | ||
| 003 | CO-BoRNBP | ||
| 005 | 20250701152754.0 | ||
| 007 | ta | ||
| 008 | 210826s2014 sp a br 000 0 spa d | ||
| 020 | _a9788415208549 | ||
| 040 |
_aCO-BoRNBP _bspa _erda _cCO-BoRNBP |
||
| 041 | 0 | _aspa | |
| 082 | 0 | 4 |
_a520 _bW14p _222 |
| 100 |
_aWalliman, Dominic, Dr _eautor _960582 |
||
| 245 | 1 | 3 |
_aEl profesor astro cat y las fronteras del espacio _cescrito por el Dr. Dominic Walliman ; diseñado e ilustrado por Ben Newman |
| 250 | _a1a. edición | ||
| 264 | 1 |
_aAlbolote, España _bBarbara Fiore Editora _c2014 |
|
| 300 |
_a[64] páginas _bilustraciones _c30 cm |
||
| 336 |
_atexto _btxt _2rdacontent |
||
| 337 |
_asin mediación _bn _2rdamedia |
||
| 338 |
_avolumen _bnc _2rdacarrier |
||
| 500 | _aIncluye glosario al final del texto | ||
| 521 | _aRecomendado para un público infantil mayor de 6 años | ||
| 650 | 0 | 7 |
_aCosmología _xLiteratura infantil _2LEMB _960583 |
| 650 | 0 | 7 |
_aPlanetas _xLiteratura infantil _2LEMB _960584 |
| 650 | 0 | 7 |
_aAstronomía _xLiteratura infantil _2LEMB _960585 |
| 650 | 0 | 7 |
_aCosmología _xLiteratura infantil _2LEMB _960583 |
| 700 |
_aNewman, Ben _eilustrador _960586 |
||
| 942 |
_2ddc _cBKINF |
||
| 999 |
_c57404 _d57404 |
||